000 01810nam a2200349 a 4500
999 _c443789
_d443789
003 BLK
005 20240423153920.0
008 220207b bu |||||r|||| 00| | bu d
020 _a9786192331597
040 _aBLK
041 _aBUL
_aENG
_cBUL
080 _aКарикатура. Комикс
_b741.5
_z741.5.071.1(497.2)(092)(084)
080 _aИван Веселинов Василев. Български художник карикатурист, актьор, сценарист и режисьор
_b929 Веселинов, Иван
_z929 Веселинов, Иван
100 1 _aВеселинов, Иван
_947757
139 _aВеселинов, Иван
245 _aГротески и карикатури
_cИван Веселинов ; предг. Светла Христова
246 _bGrotesques & caricatures
257 _aBGR
260 _9209549
_aСофия
_bНов бълг. унив.
_c2021
_dНБУ
_n978-954-535- ; 954-9926-
300 _a1 албум (280 с.)
_bс ил.
_c30 см
380 _a7
501 _aПълната форма на името на худож. Иван Веселинов e Иван Веселинов Василев. - За худож.: с. 279.
600 1 4 _aВеселинов, Иван
_947757
650 0 _9290901
_aИзобразително изкуство - България
650 0 _9290224
_aХудожници, български - албуми
650 0 _9293582
_aКарикатуристи, български
700 _9401063
_aХристова, Светла Йорданова
_eпредг.
700 _9988
_aМинаева, Оксана Михайлова
_eпрев. на англ.
852 _aЦб ІІ
_bЦб
942 _cKNG
_n0
_s1
944 _aCR
_c2022-02-07
_k30560
_lГеновева Генчева